[Event "26th open TETEVEN"]
[Site "Teteven"]
[Date "2011.08.13"]
[Round "1.1"]
[White "Petkov, Vladimir"]
[Black "Nancheva, Doroteya"]
[Result "1-0"]
[WhiteElo "2490"]
[BlackElo "1788"]
[PlyCount "57"]
[EventDate "2011.08.??"]
[EventType "swiss"]
[EventRounds "9"]
[EventCountry "BUL"]

1. d4 Nf6 2. c4 g6 3. Nc3 Bg7 4. e4 d6 5. Be2 O-O 6. Bg5 c5 7. d5 h6 8. Bd2 e6
9. Nf3 exd5 10. exd5 Bf5 11. Nh4 Bd7 12. O-O Nh7 13. Nf3 Bf5 14. Qc1 h5 15. Bf4
a6 16. Re1 Re8 17. Qd2 Qf6 18. Bg3 g5 19. Bd3 Rxe1+ 20. Rxe1 Bxd3 21. Re8+ Bf8
22. Qxd3 Kg7 23. h4 g4 24. Ne4 Qg6 25. Nfg5 Nxg5 26. hxg5 b5 27. Qc3+ Kg8 28.
Nf6+ Kg7 29. Nd7+ 1-0

[Event "26th open TETEVEN"]
[Site "Teteven"]
[Date "2011.08.13"]
[Round "1.3"]
[White "Enchev, Ivajlo"]
[Black "Bardarov, Georgi"]
[Result "1-0"]
[WhiteElo "2435"]
[BlackElo "1777"]
[PlyCount "73"]
[EventDate "2011.08.??"]
[EventType "swiss"]
[EventRounds "9"]
[EventCountry "BUL"]

1. d4 d5 2. Nf3 Nf6 3. Bf4 Bf5 4. e3 e6 5. Be2 c5 6. Bxb8 Rxb8 7. Bb5+ Nd7 8.
Ne5 Qa5+ 9. Nc3 Rd8 10. Nxd7 Rxd7 11. Bxd7+ Kxd7 12. O-O Bd6 13. e4 dxe4 14.
Re1 cxd4 15. Qxd4 Qe5 16. Qxe5 Bxe5 17. Nxe4 Ke7 18. Ng3 Bxg3 19. hxg3 Rd8 20.
Re2 Rd6 21. f3 h5 22. Kf2 Rc6 23. c3 Rd6 24. Ke1 Bd3 25. Rd2 Bb5 26. Rxd6 Kxd6
27. Rd1+ Ke5 28. Rd8 Bc6 29. Kf2 Kf5 30. Ke3 f6 31. c4 e5 32. b4 Ke6 33. Rb8 a6
34. a4 Kd6 35. b5 axb5 36. axb5 Kc7 37. Rg8 1-0

[Event "26th open TETEVEN"]
[Site "Teteven"]
[Date "2011.08.13"]
[Round "1.4"]
[White "Bizov, Stojan"]
[Black "Kozhuharov, Spas"]
[Result "0-1"]
[WhiteElo "1774"]
[BlackElo "2431"]
[PlyCount "60"]
[EventDate "2011.08.??"]
[EventType "swiss"]
[EventRounds "9"]
[EventCountry "BUL"]

1. c4 e5 2. Nc3 Nf6 3. g3 c6 4. Bg2 d5 5. cxd5 cxd5 6. e3 d4 7. exd4 exd4 8.
Ne4 Nxe4 9. Bxe4 Nc6 10. Qe2 Be7 11. Nf3 O-O 12. O-O Bf6 13. Re1 Bg4 14. Qf1
Re8 15. Qg2 Qd7 16. a3 Bh3 17. Qh1 Na5 18. d3 Nb3 19. Rb1 Rac8 20. Bg5 Rc2 21.
Bd5 Rxe1+ 22. Rxe1 Rxb2 23. Bxb7 Nc5 24. Be4 Nxe4 25. dxe4 d3 26. e5 Bd8 27. e6
Bb6 28. Bd2 fxe6 29. Ng5 Bxf2+ 30. Kxf2 Qd4+ 0-1

[Event "26th open TETEVEN"]
[Site "Teteven"]
[Date "2011.08.13"]
[Round "1.5"]
[White "Nikolov, Sasho"]
[Black "Atanasov, Margarit"]
[Result "1-0"]
[WhiteElo "2412"]
[BlackElo "1770"]
[PlyCount "105"]
[EventDate "2011.08.??"]
[EventType "swiss"]
[EventRounds "9"]
[EventCountry "BUL"]

1. e4 c5 2. Nf3 Nc6 3. Bb5 g6 4. O-O Bg7 5. Re1 Nf6 6. c3 O-O 7. Na3 d6 8. h3
Bd7 9. Bf1 Rc8 10. Nc2 e6 11. d3 Qb6 12. Rb1 Rfd8 13. Bg5 h6 14. Bh4 g5 15. Bg3
Be8 16. Ne3 e5 17. Nf5 Bf8 18. h4 g4 19. Nd2 Bd7 20. Nc4 Qc7 21. Nce3 Bxf5 22.
Nxf5 Ne7 23. Ne3 h5 24. f3 Qd7 25. fxg4 Nxg4 26. Nxg4 Qxg4 27. Qxg4+ hxg4 28.
Be2 f5 29. exf5 Nxf5 30. Bxg4 Nxg3 31. Re3 Rc7 32. Rxg3 Rg7 33. Rf1 Re8 34. Rf6
Kh8 35. Rgf3 Be7 36. Rh6+ Rh7 37. Rxh7+ Kxh7 38. g3 Rg8 39. Rf7+ Rg7 40. Rxg7+
Kxg7 41. Bf3 b5 42. Kg2 Kf6 43. Bd5 b4 44. c4 e4 45. Bxe4 Ke5 46. Kf3 Kd4 47.
Kf4 a5 48. h5 Bf8 49. b3 Kc3 50. g4 Kb2 51. Bc6 Kxa2 52. Ba4 Kb2 53. g5 1-0

[Event "26th open TETEVEN"]
[Site "Teteven"]
[Date "2011.08.13"]
[Round "1.6"]
[White "Stefanov, Krasen"]
[Black "Pantev, Veselin"]
[Result "0-1"]
[WhiteElo "1754"]
[BlackElo "2377"]
[PlyCount "70"]
[EventDate "2011.08.??"]
[EventType "swiss"]
[EventRounds "9"]
[EventCountry "BUL"]

1. e4 c6 2. d4 d5 3. Nc3 dxe4 4. Nxe4 Nf6 5. Nxf6+ exf6 6. Nf3 Bd6 7. Be3 O-O
8. Bd3 Bg4 9. h3 Bh5 10. O-O Nd7 11. Be2 Re8 12. Re1 Nb6 13. c4 Bxf3 14. Bxf3
Nxc4 15. Qb3 Nxe3 16. Rxe3 Rxe3 17. Qxe3 g6 18. Qb3 Qd7 19. Qa4 Qe7 20. Kf1 a6
21. Re1 Qc7 22. Rc1 Kg7 23. d5 b5 24. Qc2 c5 25. h4 h5 26. g4 hxg4 27. Bxg4 Rh8
28. h5 Re8 29. Kg2 Qe7 30. Qd2 f5 31. Bf3 g5 32. Re1 Qxe1 33. Qxg5+ Kf8 34.
Qxf5 Qe5 35. Qh3 Qg5+ 0-1

[Event "26th open TETEVEN"]
[Site "Teteven"]
[Date "2011.08.13"]
[Round "1.7"]
[White "Galunov, Todor"]
[Black "Vasileva, Veronika"]
[Result "1-0"]
[WhiteElo "2327"]
[BlackElo "1747"]
[PlyCount "59"]
[EventDate "2011.08.??"]
[EventType "swiss"]
[EventRounds "9"]
[EventCountry "BUL"]

1. Nf3 Nf6 2. g3 g6 3. Bg2 Bg7 4. c4 d5 5. cxd5 Nxd5 6. O-O c5 7. Nc3 Nxc3 8.
dxc3 O-O 9. Qxd8 Rxd8 10. Be3 Na6 11. Rfd1 Be6 12. Ng5 Bc4 13. Bxb7 Bxe2 14.
Bxa8 Bxd1 15. Bb7 Be2 16. Re1 Rd7 17. Bc8 Rc7 18. Be6 fxe6 19. Rxe2 Rc6 20. Bf4
e5 21. Bxe5 Bxe5 22. Rxe5 h6 23. Nf3 Kf7 24. Kf1 Rb6 25. b3 Kf6 26. h4 Rd6 27.
Ke2 c4 28. b4 Rd3 29. Re3 Rd6 30. Nd2 1-0

[Event "26th open TETEVEN"]
[Site "Teteven"]
[Date "2011.08.13"]
[Round "1.8"]
[White "Varbanov, Angel"]
[Black "Todorov, Ognjan"]
[Result "0-1"]
[WhiteElo "1740"]
[BlackElo "2308"]
[PlyCount "54"]
[EventDate "2011.08.??"]
[EventType "swiss"]
[EventRounds "9"]
[EventCountry "BUL"]

1. d4 Nf6 2. c4 e6 3. Nc3 d5 4. Bg5 Be7 5. e3 h6 6. Bh4 O-O 7. Nf3 Ne4 8. Bxe7
Qxe7 9. Qc2 Nxc3 10. Qxc3 c5 11. Be2 cxd4 12. Nxd4 e5 13. Nf3 e4 14. Nd4 Qg5
15. O-O-O Qe7 16. h4 Qc7 17. Kb1 Rd8 18. Qb3 Na6 19. cxd5 Nc5 20. Qa3 Qe5 21.
Rc1 Qxd5 22. Rhd1 Qe5 23. f4 exf3 24. Nxf3 Qf5+ 25. Ka1 a5 26. Qc3 a4 27. Qe5
Nb3+ 0-1

[Event "26th open TETEVEN"]
[Site "Teteven"]
[Date "2011.08.13"]
[Round "1.11"]
[White "Arnaudov, Petar"]
[Black "Koleva, Djuliana"]
[Result "0-1"]
[WhiteElo "2194"]
[BlackElo "1717"]
[PlyCount "40"]
[EventDate "2011.08.??"]
[EventType "swiss"]
[EventRounds "9"]
[EventCountry "BUL"]

1. e4 e5 2. f4 Bc5 3. Nf3 d6 4. b4 Bb6 5. Bc4 exf4 6. d4 Nf6 7. Qe2 O-O 8. O-O
Bg4 9. c3 Re8 10. Nbd2 d5 11. Bd3 dxe4 12. Nxe4 Nxe4 13. Bxe4 Bf5 14. Bxf5 Rxe2
15. Bxf4 Nc6 16. Kh1 Qf6 17. g4 g6 18. Bg5 Qd6 19. Bd3 Ree8 20. Bc4 Kg7 0-1

[Event "26th open TETEVEN"]
[Site "Teteven"]
[Date "2011.08.13"]
[Round "1.16"]
[White "Sapareva, Magdalena"]
[Black "Bochev, Krasimir"]
[Result "0-1"]
[WhiteElo "1665"]
[BlackElo "2130"]
[PlyCount "62"]
[EventDate "2011.08.??"]
[EventType "swiss"]
[EventRounds "9"]
[EventCountry "BUL"]

1. b4 c6 2. c3 d5 3. d4 Nf6 4. Nd2 g6 5. a4 a5 6. Ngf3 Bg7 7. e3 O-O 8. Be2 Bf5
9. Nh4 Bc8 10. O-O Nbd7 11. g3 e5 12. Ng2 Re8 13. Nb3 Ne4 14. Qe1 exd4 15. Nxd4
Ne5 16. f3 Nd6 17. b5 c5 18. Nc2 b6 19. Nf4 Bb7 20. Bb2 Nec4 21. Bxc4 Nxc4 22.
Qc1 Qf6 23. Ne2 Qf5 24. Kg2 Qd3 25. Kf2 Bh6 26. f4 Bg7 27. Rd1 Qf5 28. Rb1 Qh3
29. Rh1 d4 30. Qg1 dxc3 31. Ke1 Nd2 0-1

[Event "26th open TETEVEN"]
[Site "Teteven"]
[Date "2011.08.13"]
[Round "1.18"]
[White "Stoev, Slavcho"]
[Black "Kirov, Dimitar"]
[Result "0-1"]
[WhiteElo "1651"]
[BlackElo "2123"]
[PlyCount "40"]
[EventDate "2011.08.??"]
[EventType "swiss"]
[EventRounds "9"]
[EventCountry "BUL"]

1. c4 e5 2. Nc3 Nf6 3. d3 Bb4 4. g3 Nc6 5. Bg2 O-O 6. e4 Bxc3+ 7. bxc3 d6 8.
Nf3 Be6 9. O-O h6 10. Qc2 Qe7 11. Nd2 Nd7 12. Bb2 Nb6 13. f4 f5 14. fxe5 Nxe5
15. exf5 Bxf5 16. Be4 Bh3 17. Rxf8+ Rxf8 18. Bg2 Bxg2 19. Kxg2 Ng4 20. Qb3 Qe2+
0-1

[Event "26th open TETEVEN"]
[Site "Teteven"]
[Date "2011.08.13"]
[Round "1.19"]
[White "Dzanev, Georgi"]
[Black "Radeva, Viktoria"]
[Result "0-1"]
[WhiteElo "2109"]
[BlackElo "1645"]
[PlyCount "64"]
[EventDate "2011.08.??"]
[EventType "swiss"]
[EventRounds "9"]
[EventCountry "BUL"]

1. d4 Nf6 2. c4 g6 3. Nc3 Bg7 4. e4 d6 5. f3 O-O 6. Be3 c6 7. Bd3 a6 8. a4 Nbd7
9. Nge2 e5 10. d5 c5 11. a5 Ne8 12. Qd2 f5 13. Bg5 Ndf6 14. exf5 gxf5 15. Ng3
f4 16. Nh5 h6 17. Bh4 Qc7 18. Nxf6+ Nxf6 19. O-O Qf7 20. Rae1 Kh8 21. Na4 Qh5
22. Bxf6 Bxf6 23. Nb6 Rb8 24. Be4 Rg8 25. Kh1 Bh4 26. g3 fxg3 27. Re2 Bh3 28.
Rd1 g2+ 29. Kg1 Bg5 30. Qc2 Bf4 31. b4 Bf5 32. h4 Qxh4 0-1

[Event "26th open TETEVEN"]
[Site "Teteven"]
[Date "2011.08.13"]
[Round "1.20"]
[White "Vasiliadis, Antony"]
[Black "Stoyanov, Stojan Slavov"]
[Result "0-1"]
[WhiteElo "1634"]
[BlackElo "2098"]
[PlyCount "40"]
[EventDate "2011.08.??"]
[EventType "swiss"]
[EventRounds "9"]
[EventCountry "BUL"]

1. e4 e5 2. Nf3 Nc6 3. d4 exd4 4. Nxd4 Bc5 5. Be3 Qh4 6. Nc3 Bb4 7. Bd3 Nge7 8.
Qd2 d5 9. O-O-O Bxc3 10. bxc3 dxe4 11. Bg5 Qh5 12. Bxe4 f6 13. Nxc6 bxc6 14.
Bf4 Be6 15. Rhe1 Kf7 16. Bf3 Qc5 17. Qe3 Qa3+ 18. Kd2 Rad8+ 19. Ke2 Bc4+ 20.
Rd3 Nf5 0-1

[Event "26th open TETEVEN"]
[Site "Teteven"]
[Date "2011.08.14"]
[Round "2.1"]
[White "Dimov, Danail"]
[Black "Petkov, Vladimir"]
[Result "0-1"]
[WhiteElo "1955"]
[BlackElo "2490"]
[PlyCount "78"]
[EventDate "2011.08.??"]
[EventType "swiss"]
[EventRounds "9"]
[EventCountry "BUL"]

1. e4 e5 2. Nf3 Nc6 3. d4 exd4 4. Nxd4 Nf6 5. Nxc6 bxc6 6. Bd3 d5 7. exd5 cxd5
8. O-O Be7 9. Nc3 O-O 10. Bf4 Bd6 11. Bxd6 Qxd6 12. h3 Rb8 13. b3 c5 14. Qf3 c4
15. bxc4 dxc4 16. Ne4 Nxe4 17. Bxe4 Be6 18. Qe3 Qb6 19. Qxb6 Rxb6 20. c3 Rd8
21. Rfd1 Rxd1+ 22. Rxd1 g5 23. Rb1 Ra6 24. Rb2 Ra3 25. Rc2 Kg7 26. Kf1 f5 27.
Ba8 Kf6 28. Ke2 h5 29. g3 f4 30. Be4 Ke5 31. Bg6 Bxh3 32. gxf4+ Kxf4 33. Bxh5
Bf5 34. Rb2 Rxc3 35. f3 Re3+ 36. Kd1 c3 37. Rb4+ Kg3 38. Rb5 c2+ 39. Kd2 Re1
0-1

[Event "26th open TETEVEN"]
[Site "Teteven"]
[Date "2011.08.14"]
[Round "2.2"]
[White "Bratanov, Zsivko"]
[Black "Daskalov, Emil"]
[Result "1-0"]
[WhiteElo "2457"]
[BlackElo "1951"]
[PlyCount "115"]
[EventDate "2011.08.??"]
[EventType "swiss"]
[EventRounds "9"]
[EventCountry "BUL"]

1. d4 Nf6 2. Nf3 e6 3. Bg5 Be7 4. Nbd2 d5 5. c3 Nbd7 6. e3 c5 7. Bd3 h6 8. Bf4
Qb6 9. Qc2 a6 10. h3 Bd6 11. O-O Qc7 12. Bxd6 Qxd6 13. c4 O-O 14. cxd5 exd5 15.
dxc5 Nxc5 16. Rac1 Nxd3 17. Qxd3 Be6 18. Qd4 Rac8 19. a3 Qe7 20. b4 Qd7 21. Nb3
Ne4 22. Nc5 Nxc5 23. bxc5 Qb5 24. Qb4 Bd7 25. Nd4 Qxb4 26. axb4 g6 27. Rfd1 Rc7
28. Ne2 Bc6 29. Nc3 Rd7 30. Rd4 Rfd8 31. Rcd1 Kf8 32. f3 Ke7 33. Kf2 Ke6 34.
Rh4 h5 35. Rhd4 Ke7 36. h4 f5 37. Kg3 Ke6 38. Kf4 Kf6 39. R1d2 Ke6 40. Kg5 Kf7
41. Ne2 Re8 42. Nf4 Rde7 43. Nxd5 Bxd5 44. Rxd5 Rxe3 45. Rd7+ R8e7 46. R2d6 Re2
47. Rxe7+ Kxe7 48. Kxg6 Rxg2+ 49. Kxf5 a5 50. Rb6 axb4 51. Rxb4 Rc2 52. Rxb7+
Kd8 53. Rb5 Ke7 54. f4 Rg2 55. Rb7+ Kd8 56. c6 Rg4 57. Ke5 Rxh4 58. Kd6 1-0

[Event "26th open TETEVEN"]
[Site "Teteven"]
[Date "2011.08.14"]
[Round "2.3"]
[White "Krastev, Krasimir"]
[Black "Enchev, Ivajlo"]
[Result "0-1"]
[WhiteElo "1949"]
[BlackElo "2435"]
[PlyCount "50"]
[EventDate "2011.08.??"]
[EventType "swiss"]
[EventRounds "9"]
[EventCountry "BUL"]

1. d4 Nf6 2. Nf3 e6 3. Bg5 h6 4. Bh4 c5 5. e3 Qb6 6. Bxf6 gxf6 7. Qc1 Nc6 8. c3
d5 9. Nbd2 Bd7 10. Nb3 cxd4 11. exd4 e5 12. Qd2 Be6 13. Qe2 Bd6 14. Qb5 e4 15.
Nfd2 f5 16. a4 Rg8 17. g3 f4 18. gxf4 Bxf4 19. Nc5 O-O-O 20. Qxb6 axb6 21. Nxe6
fxe6 22. Bh3 Rg6 23. b4 Rf8 24. Nb3 Bd6 25. a5 Rf3 0-1

[Event "26th open TETEVEN"]
[Site "Teteven"]
[Date "2011.08.14"]
[Round "2.4"]
[White "Kozhuharov, Spas"]
[Black "Petrov, Martin"]
[Result "1-0"]
[WhiteElo "2431"]
[BlackElo "1933"]
[PlyCount "95"]
[EventDate "2011.08.??"]
[EventType "swiss"]
[EventRounds "9"]
[EventCountry "BUL"]

1. d4 Nf6 2. c4 e6 3. a3 d5 4. Nf3 Be7 5. Nc3 O-O 6. Bf4 b6 7. cxd5 exd5 8. g3
Bb7 9. Bg2 c5 10. O-O Na6 11. Ne5 Nc7 12. dxc5 Bxc5 13. Bg5 Be7 14. Rc1 h6 15.
Be3 Re8 16. Nf3 Bf8 17. Nd4 Qd7 18. Qa4 Qxa4 19. Nxa4 Na6 20. b4 Ne4 21. Nc3
Nxc3 22. Rxc3 Rac8 23. Rfc1 Rxc3 24. Rxc3 Bd6 25. Nb5 Bb8 26. Kf1 Kf8 27. Bf4
Bxf4 28. gxf4 Rd8 29. Nxa7 Nb8 30. Rc7 Ba8 31. Nb5 Nc6 32. Nc3 Nd4 33. e3 Ne6
34. Ra7 g6 35. Ke1 f5 36. Na4 b5 37. Nc3 Bc6 38. Ra6 d4 39. Rxc6 dxc3 40. Rxc3
Ke7 41. Bc6 Rc8 42. Kd2 Rb8 43. Rd3 Rb6 44. Bd5 Nc7 45. f3 Rf6 46. h4 Rf8 47.
Bc6 Ne6 48. Bxb5 1-0

[Event "26th open TETEVEN"]
[Site "Teteven"]
[Date "2011.08.14"]
[Round "2.5"]
[White "Dereshki, Dario"]
[Black "Nikolov, Sasho"]
[Result "0-1"]
[WhiteElo "1927"]
[BlackElo "2412"]
[PlyCount "50"]
[EventDate "2011.08.??"]
[EventType "swiss"]
[EventRounds "9"]
[EventCountry "BUL"]

1. d4 g6 2. c4 Bg7 3. Nc3 d6 4. e4 Nc6 5. Be3 e5 6. d5 Nd4 7. Nge2 Nxe2 8. Qxe2
f5 9. exf5 Bxf5 10. g4 Bd7 11. h4 h5 12. Qc2 hxg4 13. Qxg6+ Kf8 14. Bg5 Ne7 15.
Qe4 Qc8 16. Bd3 a6 17. Nd1 Nf5 18. Qxg4 Nd4 19. Qg3 e4 20. Bxe4 Qe8 21. Qf4+
Bf5 22. Nc3 Be5 23. Bh6+ Kf7 24. Qc1 Bf6 25. Qf4 Bxe4 0-1

[Event "26th open TETEVEN"]
[Site "Teteven"]
[Date "2011.08.14"]
[Round "2.6"]
[White "Pantev, Veselin"]
[Black "Mahlev, Atanas"]
[Result "1-0"]
[WhiteElo "2377"]
[BlackElo "1932"]
[PlyCount "59"]
[EventDate "2011.08.??"]
[EventType "swiss"]
[EventRounds "9"]
[EventCountry "BUL"]

1. d4 d5 2. Nf3 Nf6 3. c4 e6 4. g3 b6 5. Bg2 Bb7 6. O-O Be7 7. Nc3 O-O 8. Qb3
dxc4 9. Qxc4 Nbd7 10. Rd1 Ne4 11. Bf4 Nd6 12. Qd3 Bf6 13. e4 Ne8 14. h4 g6 15.
Bg5 Bxg5 16. hxg5 Qe7 17. e5 Kg7 18. Qe3 Rh8 19. Nh2 Bxg2 20. Kxg2 c5 21. Ng4
Nc7 22. Nf6 cxd4 23. Rxd4 Rad8 24. Rh1 Nb8 25. Rdh4 Qc5 26. Rxh7+ Rxh7 27.
Rxh7+ Kf8 28. Qf4 Qd4 29. Nd7+ Qxd7 30. Rh8+ 1-0

[Event "26th open TETEVEN"]
[Site "Teteven"]
[Date "2011.08.14"]
[Round "2.7"]
[White "Dragieva, Denitza"]
[Black "Galunov, Todor"]
[Result "1/2-1/2"]
[WhiteElo "1885"]
[BlackElo "2327"]
[PlyCount "82"]
[EventDate "2011.08.??"]
[EventType "swiss"]
[EventRounds "9"]
[EventCountry "BUL"]

1. d4 d5 2. Nf3 Nf6 3. Bf4 c5 4. e3 Qb6 5. Nc3 e6 6. Nb5 Na6 7. a4 c4 8. b3
cxb3 9. c3 b2 10. Rb1 Be7 11. Rxb2 O-O 12. Bd3 Bd7 13. O-O Rfc8 14. Qb1 Qa5 15.
Ne5 Be8 16. Bg5 h6 17. Bxf6 gxf6 18. f4 fxe5 19. fxe5 Bg5 20. Rf3 Bxb5 21. Bh7+
Kh8 22. axb5 Qxc3 23. bxa6 Bxe3+ 24. Kh1 Qc1+ 25. Rf1 bxa6 26. Rb7 Qxf1+ 27.
Qxf1 Rc1 28. Qxc1 Bxc1 29. Rxf7 Rc8 30. Bd3 Be3 31. g3 Rc3 32. Bxa6 Bxd4 33.
Rf6 Rc6 34. Bd3 Be3 35. Bb5 Rb6 36. Bd7 d4 37. Kg2 Rb2+ 38. Kf3 Rf2+ 39. Ke4
Rxf6 40. exf6 Kg8 41. Bxe6+ Kf8 1/2-1/2

[Event "26th open TETEVEN"]
[Site "Teteven"]
[Date "2011.08.14"]
[Round "2.8"]
[White "Todorov, Ognjan"]
[Black "Dimitrov, Ivan"]
[Result "1-0"]
[WhiteElo "2308"]
[BlackElo "1909"]
[PlyCount "55"]
[EventDate "2011.08.??"]
[EventType "swiss"]
[EventRounds "9"]
[EventCountry "BUL"]

1. d4 Nf6 2. c4 c5 3. d5 b5 4. cxb5 a6 5. b6 Qxb6 6. Nc3 d6 7. e4 g6 8. Nf3
Nbd7 9. Be2 Bg7 10. O-O O-O 11. Nd2 Ne5 12. Kh1 Rb8 13. f4 Neg4 14. Nc4 Qc7 15.
e5 dxe5 16. fxe5 Bf5 17. Bf4 Nh5 18. Bxg4 Nxf4 19. Bxf5 Bxe5 20. Be4 Rb4 21.
Nxe5 Qxe5 22. Qf3 g5 23. Rae1 Qg7 24. g3 f5 25. Bb1 g4 26. Qd1 Ng6 27. Bxf5
Rxb2 28. Qxg4 1-0

[Event "26th open TETEVEN"]
[Site "Teteven"]
[Date "2011.08.14"]
[Round "2.9"]
[White "Iotov, Luben"]
[Black "Ivanov, Stojan Lubomirov"]
[Result "0-1"]
[WhiteElo "1855"]
[BlackElo "2247"]
[PlyCount "54"]
[EventDate "2011.08.??"]
[EventType "swiss"]
[EventRounds "9"]
[EventCountry "BUL"]

1. d4 Nf6 2. Nf3 b6 3. c4 Bb7 4. Nc3 e6 5. Bg5 Be7 6. e3 h6 7. Bxf6 Bxf6 8. e4
d6 9. Be2 Nd7 10. O-O O-O 11. Rc1 a6 12. a4 c5 13. d5 Qc7 14. Qd2 Rad8 15. Rfd1
Ne5 16. Ne1 Ng6 17. g3 Rfe8 18. f4 exd5 19. cxd5 Bd4+ 20. Kg2 Bxc3 21. Rxc3
Rxe4 22. Bh5 Ne7 23. Qc2 Nxd5 24. Kf2 Nxc3 25. bxc3 c4 26. Nf3 Qc5+ 27. Rd4
Rxd4 0-1

[Event "26th open TETEVEN"]
[Site "Teteven"]
[Date "2011.08.14"]
[Round "2.10"]
[White "Ivanov, Borislav"]
[Black "Valev, Dimitar"]
[Result "1-0"]
[WhiteElo "2201"]
[BlackElo "1890"]
[PlyCount "70"]
[EventDate "2011.08.??"]
[EventType "swiss"]
[EventRounds "9"]
[EventCountry "BUL"]

1. d4 d5 2. c4 e6 3. Nf3 c5 4. cxd5 exd5 5. g3 Nc6 6. Bg2 Nf6 7. O-O Be7 8. Nc3
O-O 9. dxc5 Bxc5 10. b3 a6 11. Bb2 Re8 12. Rc1 Ba7 13. Na4 Ne4 14. Nd4 Nxd4 15.
Bxd4 Bxd4 16. Qxd4 b5 17. Nb6 Rb8 18. Nxd5 Bf5 19. Rfd1 Qa5 20. b4 Qd8 21. h4
h6 22. Qb2 Nd6 23. Ne3 Be6 24. Rc6 Nc4 25. Rxc4 Qxd1+ 26. Nxd1 Bxc4 27. Ne3 Be6
28. Nd5 Red8 29. Nc7 Rb6 30. Nxe6 Rxe6 31. Bb7 Red6 32. e4 Rd2 33. Qa3 Re2 34.
Bd5 Rc8 35. Bxf7+ Kh8 1-0

[Event "26th open TETEVEN"]
[Site "Teteven"]
[Date "2011.08.14"]
[Round "2.11"]
[White "Andreev, Stanislav"]
[Black "Yankov, Kristian"]
[Result "1-0"]
[WhiteElo "2154"]
[BlackElo "1867"]
[PlyCount "105"]
[EventDate "2011.08.??"]
[EventType "swiss"]
[EventRounds "9"]
[EventCountry "BUL"]

1. d4 Nf6 2. c4 g6 3. Nc3 Bg7 4. e4 d6 5. f3 O-O 6. Be3 Na6 7. Qd2 c5 8. Nge2
e5 9. dxe5 dxe5 10. Nd5 Nxd5 11. cxd5 b6 12. Nc3 Qh4+ 13. Bf2 Qh6 14. Be3 Qh4+
15. Bf2 Qh6 16. Qd1 f5 17. Qa4 Nb8 18. Bb5 Qg5 19. O-O f4 20. Kh1 h5 21. d6 Be6
22. Bc4 Bxc4 23. Qxc4+ Kh7 24. Nd5 a6 25. Nxb6 Ra7 26. Qxc5 Nd7 27. Nxd7 Rxd7
28. Qc6 Rfd8 29. Rad1 Qf6 30. Bc5 Bf8 31. Qxa6 Bxd6 32. Qb5 Qe6 33. Bxd6 Rxd6
34. Rxd6 Qxd6 35. Qe2 Qb4 36. a3 Qb3 37. Rc1 Rd3 38. h3 Kh6 39. Qc2 Qb5 40. a4
Qd7 41. b4 Rd2 42. Qc8 Qd6 43. Qh8+ Kg5 44. Rc5 Kh4 45. Qxe5 Qxe5 46. Rxe5 g5
47. Kg1 g4 48. Rd5 Re2 49. fxg4 Rxe4 50. gxh5 Rxb4 51. a5 Rb1+ 52. Kh2 Rb2 53.
Rd4 1-0

[Event "26th open TETEVEN"]
[Site "Teteven"]
[Date "2011.08.14"]
[Round "2.12"]
[White "Malay, Sergey"]
[Black "Janchev, Petar"]
[Result "1/2-1/2"]
[WhiteElo "1843"]
[BlackElo "2140"]
[PlyCount "93"]
[EventDate "2011.08.??"]
[EventType "swiss"]
[EventRounds "9"]
[EventCountry "BUL"]

1. c4 e5 2. g3 Nf6 3. Bg2 c6 4. d4 d6 5. Nc3 Be7 6. e4 Nbd7 7. Nf3 O-O 8. O-O
Re8 9. Qc2 Qc7 10. h3 Nf8 11. Be3 h6 12. dxe5 dxe5 13. Nh4 Ne6 14. Nf5 Bf8 15.
a3 Kh7 16. b4 g6 17. Nh4 Nd4 18. Qb2 g5 19. Nf5 Nxf5 20. exf5 Bxf5 21. Rfe1 Bg7
22. Rad1 Rad8 23. g4 Bg6 24. b5 c5 25. b6 axb6 26. Nb5 Qe7 27. Nc3 Qc7 28. Na4
Rxd1 29. Rxd1 Re6 30. Qd2 Re7 31. Qd8 Bc2 32. Nc3 Bxd1 33. Qxd1 e4 34. Qb1 Qe5
35. Ne2 Nd7 36. Ng3 Qa1 37. Qxa1 Bxa1 38. Bxe4+ Kg8 39. Bxb7 Bd4 40. Nf5 Bxe3
41. Nxe7+ Kf8 42. Nf5 Bc1 43. a4 Ne5 44. Ba6 Nc6 45. Nxh6 Nd4 46. Nf5 Nxf5 47.
gxf5 1/2-1/2

[Event "26th open TETEVEN"]
[Site "Teteven"]
[Date "2011.08.14"]
[Round "2.14"]
[White "Kamenov, Valentin"]
[Black "Monev, Alexander"]
[Result "0-1"]
[WhiteElo "1821"]
[BlackElo "2135"]
[PlyCount "70"]
[EventDate "2011.08.??"]
[EventType "swiss"]
[EventRounds "9"]
[EventCountry "BUL"]

1. e4 c5 2. Nf3 d6 3. d4 cxd4 4. Nxd4 Nf6 5. Nc3 a6 6. Be2 e5 7. Nb3 Be7 8. O-O
O-O 9. Be3 Nc6 10. Qd2 Be6 11. f3 a5 12. a4 Nb4 13. Bb5 d5 14. exd5 Nfxd5 15.
Nxd5 Nxd5 16. Bc5 b6 17. Bxe7 Qxe7 18. Nc1 Rad8 19. Qf2 Qc7 20. c3 Nf4 21. Re1
Bc4 22. Qe3 f6 23. g3 Nh3+ 24. Kg2 Bxb5 25. axb5 Ng5 26. Ne2 Rd5 27. b3 Qd7 28.
Qxb6 Qh3+ 29. Kh1 Nxf3 30. Qf2 Nxe1 31. Qxe1 Rxb5 32. Qd1 Qf5 33. Kg1 Qf3 34.
Qc2 Rd5 35. Ra2 Rfd8 0-1

[Event "26th open TETEVEN"]
[Site "Teteven"]
[Date "2011.08.14"]
[Round "2.16"]
[White "Vasilev, Dimitar P"]
[Black "Varbanov, Varban"]
[Result "0-1"]
[WhiteElo "1820"]
[BlackElo "2127"]
[PlyCount "60"]
[EventDate "2011.08.??"]
[EventType "swiss"]
[EventRounds "9"]
[EventCountry "BUL"]

1. d4 d5 2. Nf3 Nf6 3. e3 Bg4 4. Be2 e6 5. Nbd2 Bd6 6. O-O Nbd7 7. c4 c6 8. b3
O-O 9. Bb2 Qe7 10. Ne5 Bxe2 11. Qxe2 Rfd8 12. f4 g6 13. Ndf3 Ne4 14. Nxd7 Qxd7
15. Ne5 Qe7 16. c5 Bc7 17. Rad1 f5 18. Rf3 Bxe5 19. fxe5 Kh8 20. Kh1 Rg8 21.
Rdf1 Rg7 22. Ba3 Rag8 23. Bb4 Rf7 24. Be1 Rgf8 25. Rh3 Rg8 26. Rhf3 Qg5 27. Rf4
Qh6 28. Rh4 Qg7 29. Rhf4 g5 30. R4f3 g4 0-1

[Event "26th open TETEVEN"]
[Site "Teteven"]
[Date "2011.08.15"]
[Round "3.3"]
[White "Enchev, Ivajlo"]
[Black "Vladimirov, Ivo"]
[Result "1-0"]
[WhiteElo "2435"]
[BlackElo "2086"]
[PlyCount "44"]
[EventDate "2011.08.??"]
[EventType "swiss"]
[EventRounds "9"]
[EventCountry "BUL"]

1. e4 c6 2. d4 d5 3. Nc3 dxe4 4. Nxe4 Bf5 5. Ng3 Bg6 6. h4 h6 7. Nf3 e6 8. Ne5
Bh7 9. Qh5 g6 10. Qf3 Qe7 11. Ne4 Nd7 {Diagram #} 12. Nd6+ Qxd6 13. Qxf7+ Kd8
14. Nxd7 Qxd7 15. Qxf8+ Qe8 16. Qg7 Ne7 17. Bxh6 Nf5 18. Bg5+ Kc8 19. Qe5 Rg8
20. O-O-O b5 21. g4 Ng7 22. Bg2 Kb7 1-0

[Event "26th open TETEVEN"]
[Site "Teteven"]
[Date "2011.08.15"]
[Round "3.5"]
[White "Nikolov, Sasho"]
[Black "Burdarev, Evgeni"]
[Result "1-0"]
[WhiteElo "2412"]
[BlackElo "2012"]
[PlyCount "70"]
[EventDate "2011.08.??"]
[EventType "swiss"]
[EventRounds "9"]
[EventCountry "BUL"]

1. d4 d5 2. c4 c6 3. Nf3 Nf6 4. Nc3 a6 5. a4 e6 6. e3 Nbd7 7. Bd3 Bd6 8. e4 Bb4
9. Qc2 dxe4 10. Bxe4 Nxe4 11. Qxe4 Nf6 12. Qh4 Bxc3+ 13. bxc3 Qa5 14. O-O Qh5
15. Qg3 O-O 16. Ba3 Re8 17. Rfe1 Qf5 18. Ne5 Nh5 19. Qh4 Nf4 20. h3 Ng6 21. Qg3
Qf4 22. Qd3 Qg5 23. Bd6 c5 24. Qf3 Qf4 25. Bxc5 f6 26. Re4 Qxf3 27. Nxf3 Bd7
28. a5 Bc6 29. Re3 Rad8 30. Rae1 Kf7 31. Nd2 Nh4 32. Ne4 h6 33. d5 exd5 34.
Nd6+ Rxd6 35. Rxe8 Rd7 1-0